Normal view
MARC view
Entry Personal Name
001 - CONTROL NUMBER
- control field: 1069000
003 - CONTROL NUMBER IDENTIFIER
- control field:
005 - DATE AND TIME OF LATEST TRANSACTION
- control field: 20210627164531.0
008 - FIXED-LENGTH DATA ELEMENTS
- fixed length control field: 210627|| aca||aabn | a|a d
040 ## - CATALOGING SOURCE
- Original cataloging agency:
- Transcribing agency:
100 ## - HEADING--PERSONAL NAME
- Personal name: Kadam, V. S.
- Fuller form of name: (Vasant S.)
670 ## - SOURCE DATA FOUND
- Source citation: Work cat.: ()1045696: Kadam, V. S. (Vasant S.), Maratha confederacy :, 1993
